|
|
|
|
| LEADER |
00000nam a2200000 a 4500 |
| 001 |
vtls001476551 |
| 003 |
SK-MaSNL |
| 005 |
20260331204109.0 |
| 008 |
240226s2004 xo a rb 000 0bslo |
| 015 |
|
|
|a SNBSAB2004-00013
|
| 035 |
|
|
|a SNK000431852
|
| 035 |
|
|
|a urn:nbn:sk:snk-amjdol
|
| 035 |
|
|
|a urn:nbn:sk:snk-am003ek1
|
| 035 |
|
|
|a 2EF61412-BEC8-4AB7-AB96-6CA0F0CF9588
|
| 040 |
|
|
|a SNK
|b slo
|c SNK
|e AACR2
|
| 041 |
0 |
|
|a slo
|
| 044 |
|
|
|a xo
|c SK
|
| 072 |
|
7 |
|a 821.133.1
|x Francúzska literatúra
|2 konspekt
|
| 080 |
|
|
|a 82:929:821.133.1
|x (041)
|2 1981
|
| 080 |
|
|
|a 821.133.1
|2 1981
|
| 080 |
|
|
|a 929 France, Antole
|2 1981
|
| 100 |
1 |
|
|a Trepáč, Ondrej,
|d 1960-
|4 com
|9 134013
|
| 245 |
1 |
0 |
|a Anatole France
|b bibliografický leták pri príležitosti 160. výročia narodenia autora
|c [zostavil: Ondrej Trepáč ; zodp. red.: Marta Szilágyiová]
|
| 260 |
|
|
|a Nové Zámky
|b Knižnica Antona Bernoláka
|c 2004
|
| 300 |
|
|
|a 4 s.
|b obr.
|c 21x15 cm
|
| 500 |
|
|
|a Údaj o zost. je prevzatý z tir.
|
| 500 |
|
|
|a 10 výt.
|
| 504 |
|
|
|a Usporiadanie abec. 12 zázn. o kn. v maď. a slov. Použ. lit. Biogr. údaje
|
| 600 |
1 |
7 |
|a France, Anatole,
|d 1844-1924
|2 SNKMA
|9 123031
|
| 655 |
|
7 |
|a bibliografické letáky
|2 SNKPH
|9 74589
|
| 655 |
|
7 |
|a samostatné bibliografie
|2 SNK
|9 300643
|
| 655 |
|
7 |
|a biografistika
|2 SNK
|9 302416
|
| 700 |
1 |
|
|a Szilágyiová, Marta,
|d 1947-
|4 lso
|9 194776
|
| 710 |
2 |
|
|a Knižnica Antona Bernoláka (Nové Zámky, Slovensko)
|4 pbl
|9 33808
|
| 958 |
|
|
|a BX
|
| 958 |
|
|
|a PB
|
| 999 |
|
|
|c 1041767
|d 1043697
|
| 952 |
|
|
|t P60, <03>, [BOOK], {603}
|a SNK
|b SNK
|y PREZ
|7 0
|p 17A0434001
|o snkOSC 22682
|i snkKSP 7880/2004
|0 0
|1 0
|4 0
|d 2004-06-10
|f 1
|l 0
|r 2005-01-02 00:00:00
|w 2026-02-24
|